000 01046nam a22002297a 4500
003 UA-OsUOA
001 96775
007 ta
008 20130321b un ||||| |||| 00| 0 ukr d
090 _a821.161.1
_bМ94
942 _cBK
040 _aUA-OsUOA
_brus
_cUA-OsUOA
_dUA-OsUOA
245 _aМы - советские люди
_bповести и рассказы о Великой Отечественной войне
_cсост. В. Заливако
300 _a493 с.
955 _a3
041 _arus
080 _a821.161.1
520 3 _aВ книге впервые собраны вместе автобиографическая повесть, воспоминания, речи и письма, неизвестные ранее стихотворения Петра Заломова (1877 - 1955), прототипа героя повести А.М.Горького "Мать".
260 _aМ.
_bСовременник
_c1985
650 7 _a82 Література. Літературознавство
_2UDC
999 _c383025
_d383025